Memoria que la comisión nombrada para adjudicar el premio concedido por S. M. el Rey (R. O. de 6 de febrero de 1903) presenta al Instituto de Reformas Sociales / (Record no. 122278)
[ view plain ]
| 000 -LEADER | |
|---|---|
| campo de control de longitud fija | 01237nam a2200253 i 4500 |
| 001 - NÚMERO DE CONTROL | |
| campo de control | 122278 |
| 003 - IDENTIFICADOR DE NÚMERO DE CONTROL | |
| campo de control | ES-MaACL |
| 005 - FECHA Y HORA DE LA ÚLTIMA TRANSACCIÓN | |
| campo de control | 20250831123109.0 |
| 007 - CAMPO FIJO DE DESCRIPCIÓN FÍSICA--INFORMACIÓN GENERAL | |
| campo de control de longitud fija | t| |
| 008 - DATOS DE LONGITUD FIJA--INFORMACIÓN GENERAL | |
| campo de control de longitud fija | 070518s1904 sp ||||1| spa d |
| 245 00 - MENCIÓN DEL TÍTULO | |
| Título | Memoria que la comisión nombrada para adjudicar el premio concedido por S. M. el Rey (R. O. de 6 de febrero de 1903) presenta al Instituto de Reformas Sociales / |
| Mención de responsabilidad, etc. | [Moret, Javier de Ugarte, San Bernardo]. |
| 260 ## - PUBLICACIÓN, DISTRIBUCIÓN, ETC. | |
| Lugar de publicación, distribución, etc. | Madrid : |
| Nombre del editor, distribuidor, etc. | [s.n.], |
| Fecha de publicación, distribución, etc. | 1904 ( |
| Fabricante | Impr. de la Sucesora de M. Minuesa de los Rios) |
| 300 ## - DESCRIPCIÓN FÍSICA | |
| Extensión | 43 p. ; |
| Dimensiones | 23 cm. |
| 500 ## - NOTA GENERAL | |
| Nota general | Tema del concurso: El problema agrario en el Mediodía de España: conclusiones para armonizar los intereses de propietarios y obreros: medios de aumentar la producción del suelo. |
| 500 ## - NOTA GENERAL | |
| Nota general | Precede al tit.: Instituto de Reformas Sociales. |
| 500 ## - NOTA GENERAL | |
| Nota general | Autores tomados del final del texto. |
| 650 04 - PUNTO DE ACCESO ADICIONAL DE MATERIA--TÉRMINO DE MATERIA | |
| Término de materia o nombre geográfico como elemento de entrada | Agricultura- |
| Subdivisión geográfica | Andalucía. |
| 9 (RLIN) | 9671 |
| 700 1# - ENTRADA AGREGADA--NOMBRE PERSONAL | |
| Nombre de persona | Moret, Segismundo, |
| Fechas asociadas al nombre | 1833-1913 |
| 9 (RLIN) | 162747 |
| 700 0# - ENTRADA AGREGADA--NOMBRE PERSONAL | |
| Nombre de persona | Ugarte y Pagés, Javier. |
| 9 (RLIN) | 111900 |
| 700 1# - ENTRADA AGREGADA--NOMBRE PERSONAL | |
| Nombre de persona | San Bernardo, Manuel Mariátegui y Vinyals, |
| Títulos y otros términos asociados al nombre | Conde de, |
| Fechas asociadas al nombre | m. 1905 |
| 9 (RLIN) | 76695 |
| 710 2# - ENTRADA AGREGADA--NOMBRE DE ENTIDAD CORPORATIVA | |
| Nombre de entidad corporativa o nombre de jurisdicción como elemento de entrada | Instituto de Reformas Sociales (España) |
| 9 (RLIN) | 5000 |
| 852 ## - LOCALIZACIÓN | |
| Ubicación | ES-MaACL |
| Número de control de estantería | T-1036-F-15 |
| Estatus retirado | Estado de pérdida | Estado de daño | No para préstamo | Colección | Biblioteca de origen | Biblioteca actual | Ubicación en estantería | Fecha de adquisición | Fuente de adquisición | Total de préstamos | Signatura topográfica completa | Código de barras | Visto por última vez | Precio de reemplazo | Tipo de ítem Koha |
|---|---|---|---|---|---|---|---|---|---|---|---|---|---|---|---|
| Colección de folletos | Biblioteca del Ateneo de Madrid | Biblioteca del Ateneo de Madrid | Depósito folletos | 17/01/2008 | T-1036-F-15 | 1127421 | 23/02/2023 | 23/02/2023 | Folleto |
